000 01005nam a2200277Ia 4500
001 Para_2960
003 CHAP
008 220125s1983 xx 000 0 und d
010 _a199585
040 _cCHAP
090 _aPA FOLLETO 2994
100 _aRuelas Ayala, Horacio
_9100571
245 _aSistemas de producción maìz-soya-frijol bajo condiciones de temporal en Campeche /
_c por Horacio Ruelas Ayala
260 _aCampeche, Camp. :
_b INIA. Campo Agrícola Experimental de Campeche
300 _a8 p.
440 _aFolleto tècnico, 1
_9163255
650 _aMaíz
_x Campeche Soya
_x Campeche Frijol
_x Campeche Agricultura de temporal Siembra múltiple
_9164802
710 _aInstituto Nacional de Investigaciones Agrícolas. México. Campo Agrícola Experimental de Campeche
_9164803
901 _aPA FOLLETO 2994
902 _aA
905 _a0000001983 CAMa 0000000000 00
910 _a1983
942 _cPARA
942 _cPARA
_d1
999 _c199585
_d199585